[Event "Krakow op-B"]
[Site "Krakow"]
[Date "2005.12.30"]
[Round "4"]
[White "Stanaszek, Mariusz"]
[Black "Jadenkus, Henrikas"]
[Result "0-1"]
[WhiteElo "1637"]
[BlackElo "2040"]
[PlyCount "52"]
[EventDate "2005.12.27"]
[EventType "swiss"]
[EventRounds "9"]
[EventCountry "POL"]
[SourceTitle "CBM 110 Extra"]
[Source "ChessBase"]
[SourceDate "2006.03.10"]
[SourceVersion "2"]
[SourceVersionDate "2006.03.10"]
[SourceQuality "1"]

1. e4 e5 2. Nf3 Nc6 3. Bb5 a6 4. Ba4 Nf6 5. 0-0 Nxe4 6. Re1 Nc5 7. Bxc6 dxc6 8. Nxe5 Be7 9. Qe2 Ne6 10. Nf3 0-0 11. d3 b6 12. Nbd2 Bb7 13. Nf1 Bf6 14. Rb1 c5 15. Be3 Re8 16. Qd1 Qd5 17. a3 Rad8 18. Ng3 g6 19. Ne4 Bg7 20. Qd2 c4 21. Bh6 Bh8 22. Nc3 Qh5 23. Ne4 Rd7 24. d4 Red8 25. c3 c5 26. Qe3 Bxe4 0-1

[Event "Nuremberg-ch op 03rd"]
[Site "Nuremberg"]
[Date "2003.06.01"]
[Round "5"]
[White "Koellner, Ulrich"]
[Black "Stanaszek, Mariusz"]
[Result "1-0"]
[WhiteElo "1758"]
[BlackElo "1682"]
[PlyCount "57"]
[EventDate "2003.05.30"]
[EventType "swiss"]
[EventRounds "5"]
[EventCountry "GER"]
[SourceTitle "EXT 2006"]
[Source "ChessBase"]
[SourceDate "2005.11.24"]
[SourceVersion "1"]
[SourceVersionDate "2005.11.24"]
[SourceQuality "1"]

1. d4 d5 2. Nf3 Nf6 3. c4 e6 4. Nc3 Bb4 5. e3 0-0 6. a3 Bxc3+ 7. bxc3 dxc4 8. Bxc4 c5 9. 0-0 cxd4 10. cxd4 Qc7 11. Qe2 b6 12. Bb2 Nbd7 13. Rfc1 Qb8 14. Rc2 Bb7 15. Rac1 a6 16. Bd3 b5 17. h3 Nb6 18. e4 Rc8 19. d5 Rxc2 20. Rxc2 Qd8 21. dxe6 fxe6 22. Ng5 Qe7 23. e5 Nfd5 24. Bxh7+ Kf8 25. Bc1 Nc4 26. Bg6 Nde3 27. Bxe3 Qxa3 28. Nxe6+ Kg8 29. Qh5 1-0

[Event "Nuremberg-ch op 03rd"]
[Site "Nuremberg"]
[Date "2003.06.01"]
[Round "4"]
[White "Stanaszek, Mariusz"]
[Black "Runte, Dirk"]
[Result "1-0"]
[WhiteElo "1682"]
[BlackElo "1558"]
[PlyCount "101"]
[EventDate "2003.05.30"]
[EventType "swiss"]
[EventRounds "5"]
[EventCountry "GER"]
[SourceTitle "EXT 2006"]
[Source "ChessBase"]
[SourceDate "2005.11.24"]
[SourceVersion "1"]
[SourceVersionDate "2005.11.24"]
[SourceQuality "1"]

1. e4 d6 2. d4 Nf6 3. Bd3 g6 4. Nf3 Bg7 5. 0-0 0-0 6. h3 c6 7. Bg5 Qc7 8. Nc3 b5 9. a3 a5 10. d5 Ba6 11. dxc6 Nxc6 12. Nxb5 Qb7 13. a4 Nd8 14. Re1 Bxb5 15. axb5 Ne6 16. e5 Nxg5 17. exf6 Nxf3+ 18. gxf3 Bxf6 19. Be4 Qxb5 20. Bxa8 Rxa8 21. Re4 Bxb2 22. Rb1 Qg5+ 23. Rg4 Qf6 24. Qd5 Ra7 25. Qb3 Bd4 26. Rd1 Bc5 27. Rc4 Qg5+ 28. Kf1 Qf5 29. Kg2 Qg5+ 30. Rg4 Qf5 31. Rd5 Qc8 32. Rc4 Qb7 33. Qd3 a4 34. Rdxc5 dxc5 35. Qa3 Qa8 36. Rxc5 Ra5 37. Rc4 Qa6 38. Qc3 f6 39. Re4 Rg5+ 40. Kh2 a3 41. Qb3+ Kf8 42. Qb8+ Kf7 43. Qb3+ e6 44. Qb8 Qf1 45. Qc7+ Kg8 46. Qd8+ Kg7 47. Qe7+ Kh6 48. Rh4+ Rh5 49. Qf8+ Kg5 50. Rg4+ Kf5 51. Qc5+ 1-0